Music Quiz

Random Music or Lyrics Quiz
Score 0/30 Timer 08:00
3 Plays Today
Lyric Song % Correct
There's a lady who's sure all that glitters is gold, and she's buying a [song title].Stairway to Heaven
95.2%
Hey, hey, mama, said the way you move, gonna make you sweat, gonna make you groove.Black Dog
84.7%
You need coolin', baby, I'm not foolin'. I'm gonna send you back to schoolin'.Whole Lotta Love
76.4%
We come from the land of the ice and snow, From the midnight sun where the hot springs blow.Immigrant Song
75.3%
If it keeps on rainin', levee's goin' to break, If it keeps on rainin', levee's goin' to break.When the Levee Breaks
72.4%
It's been a long time since I [song title], It's been a long time since I did the stroll.Rock and Roll
69.4%
Been [song title] for so long it's not true. Wanted a woman, never bargained for you.Dazed and Confused
68.6%
Oh let the sun beat down upon my face, stars to fill my dream. I am a traveler of both time and space, to be where I have been.Kashmir
68.2%
In the days of my youth, I was told what it means to be a man, Now I've reached that age, I've tried to do all those things the best I can.Good Times Bad Times
64.5%
Leaves are falling all around, it's time I was on my way. Thanks to you, I'm much obliged for such a pleasant stay.Ramble On
56.9%
Hey fellas, have you heard the news? You know that Annie's back in town?Heartbreaker
48.9%
Oh oh oh oh oh oh, you don't have to go.D'Yer Mak'er
48.4%
Hey lady, you got the love I need, maybe more than enough. Over the Hills and Far Away
39.5%
[Song title] are here again as the summer evenings grow. I got my flower, I got my power, I got a woman who knows.Dancing Days
38.9%
Let me take you to the movies. Can I take you to the show?Houses of the Holy
37.3%
Lyric Song % Correct
With a purple umbrella and a fifty cent hat, [song title].Living Loving Maid (She's Just a Woman)
36.6%
Walkin' in the park just the other day, baby, what do you, what do you think I saw?Misty Mountain Hop
35.4%
And if I say to you tomorrow. Take my hand, child, come with me.What Is and What Should Never Be
34%
Close the door, put out the light. You know they won't be home tonight. No Quarter
32.2%
Working from seven to eleven every night, It really makes life a drag, I don't think that's right. Since I've Been Loving You
31.8%
Wanna tell you about the girl I love, my she looks so fine.Hey Hey What Can I Do
29.5%
Well there's a light in your eye that keeps shining, like a star that can't wait for the night.Fool in the Rain
28.7%
Hey, girl, stop what you're doing, Hey, girl, you'll drive me to ruin.Communication Breakdown
25%
Should I fall out of love, my fire in the light, to chase a feather in the wind...All My Love
23.5%
I had a dream. Crazy dream. Anything I wanted to know, any place I needed to go.The Song Remains the Same
23.1%
It was an April morning when they told us we should go. As I turn to you, you smiled at me, how could we say no?Achilles Last Stand
22.3%
Then as it was, then again it will be, though the course may change sometimes, rivers always reach the sea.Ten Years Gone
19.8%
Greasy slicked down body, groovy leather trim. I like the way you hold the road, mama, it ain't no sin.Trampled Under Foot
18.6%
I wanna tell you about my good thing, I ain't disclosing no names but he sure is a good friend, and...The Crunge
16.5%
Hey, hey, mama, what's the matter here, hey, hey, mama, what's the matter here.Black Country Woman
12.2%
Remove Ads.
Support Sporcle.
Get the best of Sporcle when you Go Orange. This ad-free experience offers more features, more stats, and more fun while also helping to support Sporcle. Thank you for becoming a member.

You're not logged in!

Compare scores with friends on all Sporcle quizzes.
OR
Log In

Show Comments

Extras

Top Quizzes Today


Score Distribution

Your Account Isn't Verified!

In order to create a playlist on Sporcle, you need to verify the email address you used during registration. Go to your Sporcle Settings to finish the process.

Report this User

Report this user for behavior that violates our Community Guidelines.

Details: